[Event "SR 3. liga A2 2010/2011"]
[Site "?"]
[Date "2010.11.28"]
[Round "4.4"]
[White "Bahna, Jan"]
[Black "Liptak, Tomas"]
[Result "0-1"]
[WhiteElo "1975"]
[BlackElo "2073"]
[PlyCount "70"]
[EventDate "2010.??.??"]
[WhiteTeam "Slovakia"]
[BlackTeam "II"]
[WhiteTeamCountry "SVK"]
[BlackTeamCountry "SVK"]

1. e4 d6 2. d4 Nf6 3. Bd3 Nbd7 4. Nf3 e5 5. c3 g6 6. O-O Bg7 7. Re1 O-O 8. Nbd2
c6 9. b3 Qc7 10. Ba3 Rd8 11. Rc1 Nf8 12. Qc2 Nh5 13. g3 Bg4 14. Bf1 Bh6 15. Bg2
Ne6 16. Rcd1 Ng5 17. h4 Nh3+ 18. Kf1 exd4 19. cxd4 Qa5 20. Nc4 Qa6 21. Rd3 b5
22. Ne3 Bxe3 23. Rexe3 Qxa3 24. e5 Bf5 25. exd6 Qxd6 26. Ne5 Rac8 27. Rf3 Bxd3+
28. Qxd3 Nxf2 29. Kxf2 Qxd4+ 30. Qxd4 Rxd4 31. Bh3 Re8 32. Nxf7 Rd2+ 33. Kf1
Nxg3+ 34. Rxg3 Kxf7 35. Bg2 Rxa2 0-1

[Event "SR 3. liga A2 2010/2011"]
[Site "?"]
[Date "2010.11.28"]
[Round "4.4"]
[White "Bincik, Pavol"]
[Black "Husek, Lubomir"]
[Result "1-0"]
[WhiteElo "1909"]
[BlackElo "1786"]
[PlyCount "55"]
[EventDate "2010.??.??"]
[WhiteTeam "Slovakia"]
[BlackTeam "II"]
[WhiteTeamCountry "SVK"]
[BlackTeamCountry "SVK"]

1. d4 d5 2. c4 c6 3. Nc3 Nf6 4. Nf3 e6 5. Bg5 Nbd7 6. e3 g6 7. Rb1 Bg7 8. Ne5
O-O 9. f4 Qc7 10. c5 Re8 11. Bd3 Nxe5 12. fxe5 Nd7 13. O-O h6 14. Bh4 Nf8 15.
Rf2 Nh7 16. Qc2 Rf8 17. Rbf1 b6 18. b4 Bb7 19. cxb6 axb6 20. Nb5 Qd7 21. Nd6 f5
22. exf6 Qxd6 23. fxg7 Kxg7 24. Bxg6 Rxf2 25. Rxf2 Ng5 26. Bxg5 hxg5 27. Rf7+
Kg8 28. Bh5 1-0

[Event "SR 3. liga A2 2010/2011"]
[Site "?"]
[Date "2010.11.28"]
[Round "4.4"]
[White "Bjel, Jan"]
[Black "Puobis, Jozef"]
[Result "1-0"]
[WhiteElo "1883"]
[BlackElo "1949"]
[PlyCount "81"]
[EventDate "2010.??.??"]
[WhiteTeam "Slovakia"]
[BlackTeam "II"]
[WhiteTeamCountry "SVK"]
[BlackTeamCountry "SVK"]

1. d4 d5 2. c4 Nc6 3. e3 e5 4. dxe5 d4 5. a3 Bf5 6. exd4 Qxd4 7. Nf3 Qxd1+ 8.
Kxd1 O-O-O+ 9. Ke1 Bc5 10. Be3 Bxe3 11. fxe3 Nge7 12. Nc3 Ng6 13. Nb5 Bg4 14.
h3 Bxf3 15. gxf3 a6 16. Nc3 Ngxe5 17. Be2 Na5 18. Rg1 g6 19. Rd1 Nexc4 20. b4
Rxd1+ 21. Nxd1 Nxa3 22. bxa5 Rd8 23. Rg4 f5 24. Ra4 Nb5 25. Bxb5 axb5 26. Rd4
Re8 27. Kd2 c6 28. Kc3 Kc7 29. Rd3 c5 30. Kc2 Kc6 31. Ra3 c4 32. a6 b4 33. Ra1
b5 34. e4 fxe4 35. fxe4 Kc5 36. a7 Ra8 37. Ne3 Kd4 38. Nd5 b3+ 39. Kb2 Kc5 40.
Nc7 Rf8 41. Ne6+ 1-0

[Event "SR 3. liga A2 2010/2011"]
[Site "?"]
[Date "2010.11.28"]
[Round "4.4"]
[White "Kalmar, Tamas"]
[Black "Skapikova, Lubica"]
[Result "1-0"]
[WhiteElo "1754"]
[BlackElo "1926"]
[PlyCount "153"]
[EventDate "2010.??.??"]
[WhiteTeam "Slovakia"]
[BlackTeam "II"]
[WhiteTeamCountry "SVK"]
[BlackTeamCountry "SVK"]

1. d4 e6 2. c4 f5 3. Nc3 Nf6 4. Nf3 Be7 5. Qc2 O-O 6. e4 fxe4 7. Nxe4 Nxe4 8.
Qxe4 Bb4+ 9. Bd2 Bxd2+ 10. Nxd2 d5 11. Qc2 Qf6 12. Nf3 Nc6 13. O-O-O Nb4 14.
Qb3 a5 15. a3 dxc4 16. Bxc4 Nc6 17. Rhe1 Re8 18. Rd2 a4 19. Qe3 Na5 20. Ba2 Ra6
21. Ne5 Rb6 22. Rd3 Rd6 23. Rc3 c6 24. Re2 b6 25. Rd2 Red8 26. Nf3 h6 27. Qe5
Qxe5 28. dxe5 Rxd2 29. Nxd2 c5 30. Nc4 Nxc4 31. Bxc4 Rd4 32. Bb5 Re4 33. Rd3
Rf4 34. Rd8+ Rf8 35. Rxf8+ Kxf8 36. Bxa4 Ba6 37. Kd2 Kf7 38. Bc2 Bc4 39. Kc3
Bd5 40. g3 Ke7 41. b4 Kd7 42. bxc5 bxc5 43. Ba4+ Ke7 44. Bb3 Bf3 45. Bc4 g5 46.
a4 Kd7 47. a5 Bc6 48. f4 gxf4 49. gxf4 Ke7 50. Kd3 Ba8 51. Ke3 Bc6 52. Bd3 Kd7
53. Be4 Bb5 54. Kf3 Kc7 55. Kg4 Be8 56. f5 exf5+ 57. Kxf5 c4 58. Kf4 Kb8 59.
Ke3 Ka7 60. Kd4 Ka6 61. Kxc4 Kxa5 62. Kc5 Ka6 63. e6 Ka7 64. Bc6 Bg6 65. e7 Kb8
66. Kd6 Bh5 67. Bd7 Bg6 68. h4 Bh5 69. e8=Q+ Bxe8 70. Bxe8 Kc8 71. Ke7 Kc7 72.
h5 Kc8 73. Kf6 Kd8 74. Kf7 Kc7 75. Kg7 Kd8 76. Kxh6 Ke7 77. Kg7 1-0

[Event "SR 3. liga A2 2010/2011"]
[Site "?"]
[Date "2010.11.28"]
[Round "4.4"]
[White "Mackovic, Matus"]
[Black "Hrubsa, Marian"]
[Result "1/2-1/2"]
[WhiteElo "1846"]
[BlackElo "1979"]
[PlyCount "57"]
[EventDate "2010.??.??"]
[WhiteTeam "Slovakia"]
[BlackTeam "II"]
[WhiteTeamCountry "SVK"]
[BlackTeamCountry "SVK"]

1. e4 e6 2. d4 d5 3. Nd2 Nf6 4. e5 Nfd7 5. f4 c5 6. Ndf3 cxd4 7. Nxd4 Nc6 8. c3
Nxd4 9. cxd4 Be7 10. Nf3 O-O 11. Bd3 f6 12. O-O fxe5 13. fxe5 Rf7 14. Be3 a6
15. Qd2 b5 16. Ng5 Rxf1+ 17. Rxf1 Bxg5 18. Bxg5 Qe8 19. Qf4 Nf8 20. Qg4 Ra7 21.
Rf3 Rf7 22. Rh3 Qd7 23. Qh5 g6 24. Qh6 Qc7 25. Bf6 Qa5 26. Kf1 Qa4 27. Bxg6
Qd1+ 28. Kf2 Qxd4+ 29. Kf1 $11 1/2-1/2

[Event "SR 3. liga A2 2010/2011"]
[Site "?"]
[Date "2010.11.28"]
[Round "4.5"]
[White "Gasa, Patrik"]
[Black "Vegh, Vince"]
[Result "1/2-1/2"]
[WhiteElo "1706"]
[BlackElo "1947"]
[PlyCount "32"]
[EventDate "2010.??.??"]
[WhiteTeam "Slovakia"]
[BlackTeam "II"]
[WhiteTeamCountry "SVK"]
[BlackTeamCountry "SVK"]

1. d4 d5 2. c4 c6 3. Nf3 Nf6 4. Nc3 e6 5. e3 Bd6 6. Bd3 dxc4 7. Bxc4 b5 8. Bd3
Bb7 9. O-O O-O 10. e4 Be7 11. e5 Nd5 12. Nxd5 Qxd5 13. Ng5 Bxg5 14. Qh5 f5 15.
exf6 Bxf6 16. Bxh7+ Kh8 1/2-1/2

[Event "SR 3. liga A2 2010/2011"]
[Site "?"]
[Date "2010.11.28"]
[Round "4.5"]
[White "Hrubos, Milan"]
[Black "Nemsak, Denis"]
[Result "0-1"]
[WhiteElo "1802"]
[BlackElo "1791"]
[PlyCount "95"]
[EventDate "2010.??.??"]
[WhiteTeam "Slovakia"]
[BlackTeam "II"]
[WhiteTeamCountry "SVK"]
[BlackTeamCountry "SVK"]

1. e4 d5 2. exd5 Nf6 3. Nc3 Nxd5 4. d4 Nc6 5. Nxd5 Qxd5 6. Be3 e5 7. dxe5 Qxe5
8. c3 Bd7 9. Nf3 Qh5 10. Be2 O-O-O 11. O-O h6 12. Nd4 Qe5 13. Nf3 Qh5 14. Nd4
Qg6 15. Bd3 f5 16. Qf3 Nxd4 17. Bxd4 Kb8 18. Qe3 a6 19. b4 Bd6 20. Rfe1 Bc6 21.
Qh3 Rhf8 22. a4 Bxb4 23. Bf1 Rxd4 24. cxd4 Bxe1 25. Rxe1 Qf6 26. Re5 f4 27. a5
Rd8 28. Qc3 Qd6 29. d5 Bxd5 30. Re1 g5 31. Rd1 Qe6 32. Bc4 Kc8 33. Qd3 c6 34.
Bxa6 bxa6 35. Qxa6+ Kd7 36. Qd3 Re8 37. h3 Qe4 38. Qxe4 Rxe4 39. Ra1 Kc7 40. g3
fxg3 41. fxg3 Kb7 42. Kf2 Ka6 43. Ra3 Re5 44. h4 g4 45. Ra4 Bf3 46. Rf4 Kxa5
47. Rf6 h5 48. Rd6 0-1

[Event "SR 3. liga A2 2010/2011"]
[Site "?"]
[Date "2010.11.28"]
[Round "4.5"]
[White "Kosar, Mikulas ml"]
[Black "Bjel, Tomas"]
[Result "1-0"]
[WhiteElo "1889"]
[BlackElo "1743"]
[PlyCount "53"]
[EventDate "2010.??.??"]
[WhiteTeam "Slovakia"]
[BlackTeam "II"]
[WhiteTeamCountry "SVK"]
[BlackTeamCountry "SVK"]

1. e4 e5 2. Nf3 Nc6 3. d4 exd4 4. Bc4 Bc5 5. c3 dxc3 6. Bxf7+ Kxf7 7. Qd5+ Ke8
8. Qh5+ g6 9. Qxc5 Qe7 10. Qxc3 Nf6 11. O-O d6 12. Bg5 Rf8 13. Re1 Ne5 14. Nbd2
Bg4 15. Nd4 a6 16. f4 c5 17. Nc2 h6 18. Bxf6 Qxf6 19. fxe5 Qf2+ 20. Kh1 Kd7 21.
exd6 Be2 22. e5 Rf5 23. Ne4 Qf4 24. Nxc5+ Ke8 25. d7+ Ke7 26. Ne3 Raf8 27. Nd5+
1-0

[Event "SR 3. liga A2 2010/2011"]
[Site "?"]
[Date "2010.11.28"]
[Round "4.5"]
[White "Sarmir, Milos"]
[Black "Hagara, Vladimir"]
[Result "1-0"]
[WhiteElo "2062"]
[BlackElo "1900"]
[PlyCount "133"]
[EventDate "2010.??.??"]
[WhiteTeam "Slovakia"]
[BlackTeam "II"]
[WhiteTeamCountry "SVK"]
[BlackTeamCountry "SVK"]

1. Nf3 Nf6 2. d4 d5 3. c4 c6 4. cxd5 cxd5 5. Nc3 e6 6. Bg5 Nbd7 7. e3 Qa5 8.
Bxf6 Nxf6 9. Bb5+ Bd7 10. Bxd7+ Nxd7 11. O-O Bb4 12. Ne2 O-O 13. Qd3 Bd6 14.
Rfc1 Rfc8 15. Rc2 Qd8 16. Rac1 Rxc2 17. Qxc2 Nb6 18. b3 Rc8 19. Qd2 Rxc1+ 20.
Qxc1 Qc7 21. h3 Nd7 22. Ne1 Qxc1 $11 23. Nxc1 a5 24. Ncd3 f6 25. Kf1 Kf7 26.
Ke2 Nb8 27. Nc2 Nc6 28. Nc5 b6 29. Na4 b5 30. Nc3 Na7 31. Kd3 b4 32. Na4 Nb5
33. f3 g6 34. e4 Ke7 35. Ne3 Bf4 36. Nc2 Bd6 37. exd5 exd5 38. Ne3 Ke6 39. Nc5+
Bxc5 40. dxc5 f5 41. f4 h5 42. Nc2 Kd7 43. Ne1 Kc6 44. Nf3 Kxc5 45. Ne5 d4 46.
Nxg6 Nc3 47. Ne7 Nxa2 48. Nxf5 Nc1+ 49. Kc2 Ne2 50. g3 Kd5 51. Kd2 Ng1 52. Ng7
Ke4 53. Nxh5 Nf3+ 54. Kd1 Ke3 55. f5 d3 56. Nf4 d2 57. f6 Ne5 58. Nd5+ Kd4 59.
Nb6 Kc3 60. g4 Kxb3 61. Kxd2 a4 62. Kc1 a3 63. Kb1 a2+ 64. Ka1 Nc6 65. Nd5 Nd4
66. Nxb4 Ka3 67. Nxa2 1-0

[Event "SR 3. liga A2 2010/2011"]
[Site "?"]
[Date "2010.11.28"]
[Round "4.5"]
[White "Vepy, Ivan"]
[Black "Mackovic, Miroslav"]
[Result "0-1"]
[WhiteElo "1935"]
[BlackElo "1915"]
[PlyCount "68"]
[EventDate "2010.??.??"]
[WhiteTeam "Slovakia"]
[BlackTeam "II"]
[WhiteTeamCountry "SVK"]
[BlackTeamCountry "SVK"]

1. e4 c5 2. Nf3 d6 3. Be2 Nf6 4. Nc3 a6 5. O-O e6 6. d4 cxd4 7. Nxd4 Be7 8. Be3
O-O 9. f4 Qc7 10. Kh1 b5 11. a3 Bb7 12. Bd3 Nbd7 13. Qe1 Nc5 14. Bg1 Rac8 15.
Qe2 d5 16. Rae1 dxe4 17. Bxb5 axb5 18. Ncxb5 Qb8 19. Ra1 Ba6 20. a4 Nb7 21.
Rfc1 Qxf4 22. c4 Bc5 23. b3 Rfd8 24. Rab1 e5 25. g3 Qg4 26. Qxg4 Nxg4 27. Nf5
e3 28. b4 g6 29. Nh4 Bf8 30. Na7 Bxc4 31. Nxc8 Rxc8 32. h3 Nf2+ 33. Kh2 Nd3 34.
Rd1 e2 0-1

[Event "SR 3. liga A2 2010/2011"]
[Site "?"]
[Date "2010.11.28"]
[Round "4.6"]
[White "Csefalvay, Stefan"]
[Black "Lanik, Miroslav"]
[Result "1/2-1/2"]
[WhiteElo "1928"]
[BlackElo "1871"]
[PlyCount "79"]
[EventDate "2010.??.??"]
[WhiteTeam "Slovakia"]
[BlackTeam "II"]
[WhiteTeamCountry "SVK"]
[BlackTeamCountry "SVK"]

1. d4 d5 2. Nf3 Nf6 3. e3 e6 4. Bd3 c5 5. O-O Nc6 6. c3 Bd6 7. Nbd2 O-O 8. a3
b6 9. b4 cxd4 10. cxd4 a6 11. Bb2 Bb7 12. Rc1 Re8 13. Ne5 Ne7 14. Ndf3 Ne4 15.
Bb1 f6 16. Nd3 Ng6 17. Ba2 Rc8 18. Qe2 Qe7 19. Nd2 Nxd2 20. Qxd2 Red8 21. f4
Kh8 22. Rxc8 Rxc8 23. Rc1 Rxc1+ 24. Qxc1 Qc7 25. Qxc7 Bxc7 26. g3 Ne7 $11 27.
Bc3 Nf5 28. Kf2 Nd6 29. Ke2 Ne4 30. Be1 Bc6 31. Nb2 Kg8 32. Bb1 f5 33. Bd3 b5
34. h3 Nd6 35. Bc2 Nc4 36. Nxc4 dxc4 37. Bc3 h5 38. Kf2 Kf7 39. Bd1 g6 40. h4
$11 1/2-1/2

[Event "SR 3. liga A2 2010/2011"]
[Site "?"]
[Date "2010.11.28"]
[Round "4.6"]
[White "Krchnak, Rudolf"]
[Black "Both, Tamas"]
[Result "1-0"]
[WhiteElo "1886"]
[BlackElo "1781"]
[PlyCount "79"]
[EventDate "2010.??.??"]
[WhiteTeam "Slovakia"]
[BlackTeam "II"]
[WhiteTeamCountry "SVK"]
[BlackTeamCountry "SVK"]

1. d4 Nf6 2. Nc3 g6 3. e4 d6 4. f4 Bg7 5. Nf3 O-O 6. Be3 Ng4 7. Bg1 e5 8. fxe5
dxe5 9. d5 Bh6 10. h3 Ne3 11. Qd3 Nxf1 12. Qxf1 b6 13. Nxe5 Qe7 14. Nf3 Re8 15.
Nd2 Bxd2+ 16. Kxd2 Qb4 17. Qb5 Rxe4 18. Qxb4 Rxb4 $11 19. Re1 Bb7 20. a3 Rf4
21. Bh2 Rf2+ $11 22. Re2 Rxe2+ 23. Kxe2 Na6 24. Kf2 Rd8 25. Rd1 Rd7 26. Ne4 Kg7
27. c4 f5 28. Nc3 Nc5 29. b4 Ne4+ 30. Nxe4 fxe4 31. b5 Bc8 32. Rd4 Rf7+ 33. Ke2
e3 34. Kxe3 Rf1 35. Bxc7 Ra1 36. Bd6 Bf5 37. Bb4 Kf6 38. g4 Bd7 39. Rf4+ Kg5
40. Be7+ 1-0

[Event "SR 3. liga A2 2010/2011"]
[Site "?"]
[Date "2010.11.28"]
[Round "4.6"]
[White "Puskas, Miroslav"]
[Black "Markuliak, Mario"]
[Result "1-0"]
[WhiteElo "1970"]
[BlackElo "1864"]
[PlyCount "75"]
[EventDate "2010.??.??"]
[WhiteTeam "Slovakia"]
[BlackTeam "II"]
[WhiteTeamCountry "SVK"]
[BlackTeamCountry "SVK"]

1. e4 e5 2. Nf3 Nc6 3. Bc4 Bc5 4. O-O Nf6 5. d3 O-O 6. Bg5 d6 7. Nc3 Bg4 8. h3
Bh5 9. g4 Bg6 10. Nd5 Kh8 11. c3 h6 12. Bxf6 gxf6 13. b4 Bb6 14. a4 a5 15. Qd2
Kh7 16. Kh2 axb4 17. cxb4 Nd4 18. Ng1 c6 19. Nxb6 Qxb6 20. f4 Kg7 21. Qf2 d5
22. exd5 cxd5 23. Bb5 Rfc8 24. Rac1 exf4 25. Ne2 Nxe2 26. Qxb6 Nxc1 27. Rxf4
Rc2+ 28. Kh1 Ne2 29. Qxf6+ Kh7 30. Rf2 Rac8 31. Kh2 R8c3 32. h4 h5 33. gxh5
Bxh5 34. d4 Rf3 35. Rxf3 Bxf3 36. Qxf7+ Kh6 37. Qf6+ Kh7 38. Qf5+ 1-0

[Event "SR 3. liga A2 2010/2011"]
[Site "?"]
[Date "2010.11.28"]
[Round "4.6"]
[White "Slaby, Jozef"]
[Black "Holly, Milan"]
[Result "0-1"]
[WhiteElo "1865"]
[BlackElo "1862"]
[PlyCount "94"]
[EventDate "2010.??.??"]
[WhiteTeam "Slovakia"]
[BlackTeam "II"]
[WhiteTeamCountry "SVK"]
[BlackTeamCountry "SVK"]

1. d4 e6 2. c4 b6 3. Nf3 Bb7 4. e3 Nf6 5. Nbd2 Be7 6. Bd3 O-O 7. O-O d5 8. Qe2
c5 9. dxc5 Bxc5 10. Rd1 Nc6 11. a3 Qc7 12. h3 dxc4 13. Bxc4 Ne5 14. Nxe5 Qxe5
15. Nf3 Qc7 16. b4 Bxf3 17. gxf3 Be7 18. Bb2 Rad8 19. Bd3 Rd7 20. Rac1 Qb8 21.
f4 Rfd8 22. Bd4 Qb7 23. Bb5 Rc7 24. Ba6 Qb8 25. Be5 Bd6 26. Bxd6 Rxd6 27. f3
Qd8 28. Qe1 g6 29. Rxd6 Qxd6 30. Rd1 Qe7 31. Be2 Nd5 32. Rd3 Qf6 33. Bd1 Rc1
34. Qd2 Qa1 35. Kf2 Kg7 36. Rxd5 exd5 37. Ke2 Rb1 38. a4 Rb2 39. Bc2 Qa2 40.
Kd1 Qc4 41. Kc1 Rxb4 42. e4 Qf1+ 43. Bd1 Qc4+ 44. Bc2 d4 45. f5 Rxa4 46. f6+
Kg8 47. Qd3 Ra1+ 0-1

[Event "SR 3. liga A2 2010/2011"]
[Site "?"]
[Date "2010.11.28"]
[Round "4.6"]
[White "Zarecky, Eduard"]
[Black "Vach, Jozef"]
[Result "1/2-1/2"]
[WhiteElo "1968"]
[BlackElo "1900"]
[PlyCount "88"]
[EventDate "2010.??.??"]
[WhiteTeam "Slovakia"]
[BlackTeam "II"]
[WhiteTeamCountry "SVK"]
[BlackTeamCountry "SVK"]

1. d4 d5 2. c4 e6 3. a3 Nf6 4. c5 Be7 5. Nf3 O-O 6. e3 c6 7. Nc3 Nbd7 8. b4 Qc7
9. Bb2 e5 10. dxe5 Nxe5 11. Nxe5 Qxe5 12. Na4 Qc7 13. Bd3 Be6 14. Bd4 Qd7 15.
Qc2 h6 16. Rd1 Qc7 17. Nc3 Rac8 18. Ne2 Nd7 19. Nf4 Bf6 20. Bf5 Bxf5 21. Qxf5
Bxd4 22. Rxd4 Nf6 23. O-O Rfe8 24. Qd3 Re4 25. Ne2 Rce8 26. Ng3 Rxd4 27. Qxd4
Qe5 28. Rd1 Ne4 29. Nxe4 Qxe4 30. Kf1 Re6 31. Qxe4 Rxe4 32. Ke2 f5 33. Rd4 Re7
34. h4 Re4 35. Kd3 Kf7 36. f3 Re7 37. e4 dxe4+ 38. fxe4 fxe4+ 39. Rxe4 Re6 40.
g4 g5 41. hxg5 hxg5 42. a4 Rxe4 43. Kxe4 Ke6 44. Kd4 Kf6 1/2-1/2

[Event "SR 3. liga A2 2010/2011"]
[Site "?"]
[Date "2010.11.28"]
[Round "4.7"]
[White "Holiencin, Filip"]
[Black "Curidlo, Jan"]
[Result "1/2-1/2"]
[WhiteElo "1631"]
[BlackElo "1827"]
[PlyCount "99"]
[EventDate "2010.??.??"]
[WhiteTeam "Slovakia"]
[BlackTeam "II"]
[WhiteTeamCountry "SVK"]
[BlackTeamCountry "SVK"]

1. d4 Nf6 2. c4 e6 3. Nc3 c6 4. Nf3 d5 5. e3 Nbd7 6. cxd5 exd5 7. Bd3 Bd6 8.
O-O O-O 9. e4 dxe4 10. Nxe4 Nxe4 11. Bxe4 h6 12. Bc2 Re8 13. Qd3 Nf8 14. h3 Be6
15. Bb3 Bc7 16. Be3 Qf6 17. Bxe6 Nxe6 18. Qb3 b6 19. Rac1 Nf4 20. Bxf4 Bxf4 21.
Rc2 Rac8 22. g3 Bb8 23. Rfc1 Re7 24. a4 g6 25. a5 Rb7 26. d5 Rbc7 27. axb6 axb6
28. Rxc6 Rxc6 29. Rxc6 Rxc6 30. dxc6 Qxc6 31. Qc3 Qe8 32. Qd3 Bc7 33. Qd2 Kh7
34. Nh2 f5 35. Qc3 Qd7 36. Nf3 Qd6 37. Qc4 Qe7 38. Kg2 Bd6 39. b3 Bc5 40. Qd3
Kg7 41. h4 Qe6 42. Qd8 Be7 43. Qc7 Kf6 44. Qf4 Kg7 45. Qc7 Qd6 46. Qc3+ Bf6 47.
Qc8 Bd8 48. Qc3+ Bf6 49. Qc8 Bd8 50. Qc3+ 1/2-1/2

[Event "SR 3. liga A2 2010/2011"]
[Site "?"]
[Date "2010.11.28"]
[Round "4.7"]
[White "Palka, Martin"]
[Black "Bernath, Mikulas"]
[Result "1-0"]
[WhiteElo "1855"]
[BlackElo "1855"]
[PlyCount "57"]
[EventDate "2010.??.??"]
[WhiteTeam "Slovakia"]
[BlackTeam "II"]
[WhiteTeamCountry "SVK"]
[BlackTeamCountry "SVK"]

1. e4 c5 2. Nf3 d6 3. d4 cxd4 4. Nxd4 Nf6 5. Nc3 a6 6. Be2 Nc6 7. Be3 e5 8. Nb3
Be7 9. O-O Qc7 10. Kh1 Be6 11. f4 exf4 12. Bxf4 Ne5 13. Nd4 Bd7 14. Nf5 Bxf5
15. exf5 O-O 16. Qd4 Rfd8 17. Rac1 Rab8 18. h3 Nfd7 19. Nd5 Qa5 20. Nxe7+ Kf8
21. Nd5 f6 22. a3 Re8 23. Bd2 Qd8 24. Rce1 Nc6 25. Qh4 Kg8 26. Bc4 Kh8 27.
Rxe8+ Qxe8 28. Re1 Nde5 29. Nxf6 1-0

[Event "SR 3. liga A2 2010/2011"]
[Site "?"]
[Date "2010.11.28"]
[Round "4.7"]
[White "Planka, Peter"]
[Black "Kozinka, Jan"]
[Result "1/2-1/2"]
[WhiteElo "1798"]
[BlackElo "1920"]
[PlyCount "120"]
[EventDate "2010.??.??"]
[WhiteTeam "Slovakia"]
[BlackTeam "II"]
[WhiteTeamCountry "SVK"]
[BlackTeamCountry "SVK"]

1. e4 e5 2. Nf3 Nc6 3. Bb5 a6 4. Ba4 d6 5. d4 Bd7 6. O-O Nxd4 7. Bxd7+ Qxd7 8.
Nxd4 exd4 9. Qxd4 O-O-O 10. Nc3 Ne7 11. Nd5 Nc6 12. Qc3 Kb8 13. b4 Re8 14. f3
f5 15. exf5 Qxf5 16. Nf4 d5 17. Nd3 Be7 18. Rb1 Bf6 19. Qd2 Bd4+ 20. Kh1 Qf6
21. Bb2 Bxb2 22. Nxb2 Qd6 23. Nd3 Re6 24. Nf4 Re5 25. c3 g5 26. Nh3 h6 27. Rfe1
Rhe8 28. Rxe5 Qxe5 29. Kg1 d4 30. cxd4 Nxd4 31. a3 Qe3+ 32. Qxe3 Rxe3 33. Rd1
Nc2 34. Rd8+ Ka7 35. Rd7 Kb6 36. Kf2 Re6 37. Rd3 Kb5 38. Rc3 Rc6 39. Rxc6 bxc6
40. g4 Nxa3 41. f4 gxf4 42. Nxf4 Kxb4 43. h4 Nc4 44. g5 hxg5 45. hxg5 Ne5 46.
Ke3 Kc3 47. Ke4 Nf7 48. g6 Nh6 49. Ne2+ Kc4 50. Nd4 c5 51. Nf5 Ng8 52. Ne3+ Kb3
53. Kd3 a5 54. g7 a4 55. Nc4 Kb4 56. Ne3 c6 57. Nc4 Nf6 58. Ne3 Kb3 59. Kd2 c4
60. Kc1 c5 1/2-1/2

[Event "SR 3. liga A2 2010/2011"]
[Site "?"]
[Date "2010.11.28"]
[Round "4.7"]
[White "Sandor, Stefan"]
[Black "Smrek, Peter"]
[Result "0-1"]
[WhiteElo "1682"]
[BlackElo "1882"]
[PlyCount "50"]
[EventDate "2010.??.??"]
[WhiteTeam "Slovakia"]
[BlackTeam "II"]
[WhiteTeamCountry "SVK"]
[BlackTeamCountry "SVK"]

1. e4 e5 2. Nf3 Nf6 3. Nxe5 d6 4. Nf3 Nxe4 5. Qe2 Qe7 6. d3 Nf6 7. Bg5 Be6 8.
Nd4 Nbd7 9. Nb5 Nb6 10. N1c3 c6 11. Nd4 h6 12. Bh4 g5 13. Bg3 Bg7 14. Nxe6 fxe6
15. Rb1 Rf8 16. Ne4 O-O-O 17. Nxf6 Bxf6 18. Qd2 Qg7 19. c3 e5 20. f3 d5 21. Bf2
e4 22. Be2 Rfe8 23. O-O e3 24. Bxe3 d4 25. cxd4 Rxe3 0-1

[Event "SR 3. liga A2 2010/2011"]
[Site "?"]
[Date "2010.11.28"]
[Round "4.7"]
[White "Vlkovic, Pavol"]
[Black "Babirat, Michal"]
[Result "1/2-1/2"]
[WhiteElo "1840"]
[BlackElo "1757"]
[PlyCount "120"]
[EventDate "2010.??.??"]
[WhiteTeam "Slovakia"]
[BlackTeam "II"]
[WhiteTeamCountry "SVK"]
[BlackTeamCountry "SVK"]

1. e4 c5 2. d4 cxd4 3. c3 Nf6 4. e5 Nd5 5. cxd4 e6 6. Nc3 Bb4 7. Bd2 Qa5 8. Qc1
Nc6 9. a3 Be7 10. b4 Qd8 11. Nxd5 exd5 12. Qc3 a6 13. Nf3 d6 14. b5 axb5 15.
Bxb5 Bd7 16. O-O O-O 17. Rfb1 dxe5 18. dxe5 f6 19. Qb3 Bf5 20. Bxc6 bxc6 21.
Rc1 Bd7 22. Re1 fxe5 23. Nxe5 Bf6 24. Nxd7 Qxd7 25. Rac1 Rfb8 26. Bb4 Be7 27.
Qc3 Bxb4 28. axb4 Re8 29. Rxe8+ Rxe8 30. h3 Rc8 31. Qc5 h6 32. b5 Rc7 33. bxc6
Qd8 34. Rd1 d4 35. Rxd4 Qe8 36. Qd5+ Kh8 37. Qd8 Qxd8 38. Rxd8+ Kh7 39. Rd6 Kg8
40. Kf1 Kf8 41. Ke2 Ke7 42. Rd7+ Rxd7 43. cxd7 Kxd7 44. f4 Ke6 45. g4 Kf6 46.
Kf3 Kf7 47. Ke4 Kf6 48. h4 Ke6 49. h5 Kf6 50. Kd5 Kf7 51. Ke5 Ke7 52. Kf5 Kf7
53. g5 hxg5 54. Kxg5 Kf8 55. Kg6 Kg8 56. h6 gxh6 57. Kxh6 Kf7 58. Kg5 Kg7 59.
f5 Kf7 60. f6 Kf8 1/2-1/2

[Event "SR 3. liga A2 2010/2011"]
[Site "?"]
[Date "2010.11.28"]
[Round "4.8"]
[White "Feranec, Milan"]
[Black "Kosar, Mikulas st"]
[Result "1-0"]
[WhiteElo "1765"]
[BlackElo "1835"]
[PlyCount "73"]
[EventDate "2010.??.??"]
[WhiteTeam "Slovakia"]
[BlackTeam "II"]
[WhiteTeamCountry "SVK"]
[BlackTeamCountry "SVK"]

1. c4 c5 2. Nc3 Nf6 3. g3 d5 4. e3 e5 5. b3 d4 6. Na4 Bd7 7. Nb2 Bc6 8. f3 Be7
9. e4 O-O 10. d3 Nbd7 11. Bh3 a5 12. a4 h6 13. Bd2 Nh7 14. Ne2 Ng5 15. Bg2 Ne6
16. Qc1 f5 17. Nd1 Bg5 18. Nf2 f4 19. Nh3 fxg3 20. hxg3 Bxd2+ 21. Qxd2 b6 22.
O-O-O Nf6 23. Kb2 Nh7 24. f4 exf4 25. gxf4 Qc7 26. Rdf1 Rae8 27. Ng3 Ba8 28.
Ka1 Re7 29. Nf5 Ref7 30. Rhg1 Nf6 31. Bf3 Kh7 32. Qh2 Rg8 33. Qh1 Rff8 34. Ng5+
Nxg5 35. fxg5 Ne8 36. Nxh6 g6 37. Nf5+ 1-0

[Event "SR 3. liga A2 2010/2011"]
[Site "?"]
[Date "2010.11.28"]
[Round "4.8"]
[White "Gubis, Vladimir"]
[Black "Pivacek, Jozef"]
[Result "1/2-1/2"]
[WhiteElo "1795"]
[BlackElo "1000"]
[PlyCount "94"]
[EventDate "2010.??.??"]
[WhiteTeam "Slovakia"]
[BlackTeam "II"]
[WhiteTeamCountry "SVK"]
[BlackTeamCountry "SVK"]

1. d4 f5 2. g3 e6 3. Bg2 Nf6 4. Nf3 Be7 5. O-O d5 6. b3 O-O 7. Bb2 Nbd7 8. e3
Ne4 9. Ne5 c5 10. f3 Nef6 11. Nd2 Qc7 12. c4 b6 13. Rc1 Bb7 14. Re1 Bd6 15. f4
Ne4 16. Nxe4 dxe4 17. Nxd7 Qxd7 18. dxc5 bxc5 19. Qd2 Rad8 20. Rcd1 Qe7 21. Qc3
Bc7 22. Bf1 Rfe8 23. Be2 Rxd1 24. Rxd1 Rd8 25. Rxd8+ Bxd8 26. Qd2 Bc7 27. a3 a5
28. Kf1 Qd8 29. Qc3 Qd7 30. Ke1 Kf8 31. b4 axb4 32. axb4 cxb4 33. Qxb4+ Bd6 34.
c5 Be7 35. Qd4 Qxd4 36. exd4 Bc6 37. Bc4 Kf7 38. Ke2 g5 39. Ke3 h6 40. Bc3 Bd8
41. Bd2 Bc7 42. Bc3 Ke7 43. Bd2 Kf7 44. Kf2 Bd8 45. Ke2 Bf6 46. Be3 Bd8 47. Bd2
Bf6 1/2-1/2

[Event "SR 3. liga A2 2010/2011"]
[Site "?"]
[Date "2010.11.28"]
[Round "4.8"]
[White "Kolenak, Matus"]
[Black "Hornak, Pavol"]
[Result "1-0"]
[WhiteElo "1722"]
[BlackElo "1773"]
[PlyCount "55"]
[EventDate "2010.??.??"]
[WhiteTeam "Slovakia"]
[BlackTeam "II"]
[WhiteTeamCountry "SVK"]
[BlackTeamCountry "SVK"]

1. e4 c5 2. Nf3 d6 3. d4 cxd4 4. Nxd4 Nf6 5. Nc3 a6 6. f3 e5 7. Nb3 Be6 8. Bg5
Be7 9. Qd2 Nc6 10. O-O-O Qc7 11. Kb1 O-O-O 12. Bxf6 gxf6 13. g4 Kb8 14. h3 Na5
15. Nd5 Nxb3 16. cxb3 Bxd5 17. Qxd5 Rc8 18. Bd3 Bd8 19. Rc1 Qd7 20. Rxc8+ Kxc8
21. Bc4 Kb8 22. b4 Bb6 23. b5 a5 24. Rd1 Bd4 25. b6 Qd8 26. Rxd4 exd4 27. Qxa5
Qe7 28. Bb5 1-0

[Event "SR 3. liga A2 2010/2011"]
[Site "?"]
[Date "2010.11.28"]
[Round "4.8"]
[White "Rau, Vladimir"]
[Black "Berger, Patrik"]
[Result "1-0"]
[WhiteElo "1637"]
[BlackElo "1720"]
[PlyCount "77"]
[EventDate "2010.??.??"]
[WhiteTeam "Slovakia"]
[BlackTeam "II"]
[WhiteTeamCountry "SVK"]
[BlackTeamCountry "SVK"]

1. d4 Nf6 2. c4 e6 3. Nc3 Bb4 4. Bd2 O-O 5. Nf3 d5 6. e3 c5 7. a3 Bxc3 8. Bxc3
Ne4 9. Qc2 Nxc3 10. Qxc3 cxd4 11. Qxd4 Nc6 12. Qc3 Ne7 13. Bd3 dxc4 14. Qxc4
Nd5 15. O-O Bd7 16. Rad1 Bc6 17. Ne5 Rc8 18. Qe4 Nf6 19. Qh4 Qd5 20. Bxh7+ Nxh7
21. Rxd5 Bxd5 22. e4 Bb3 23. Qg3 Ba4 24. f4 Rc2 25. b3 Bb5 26. Rd1 Nf6 27. Qe3
Re2 28. Qxa7 Nxe4 29. a4 Ba6 30. b4 Nc3 31. Ra1 Nxa4 32. Rxa4 Rd8 33. Ra1 Rdd2
34. Nf3 Rxg2+ 35. Kh1 Rdf2 36. Rg1 Be2 37. Rxg2 Rf1+ 38. Ng1 Bf3 39. Qd4 1-0